[Event "Doha op"]
[Site "Doha"]
[Date "1992.??.??"]
[Round "10"]
[White "Mahmud, Syarif"]
[Black "Kuzmin, Alexey"]
[Result "0-1"]
[WhiteElo "2340"]
[BlackElo "2545"]

1.Nf3 Nf6 2.c4 g6 3.d4 Bg7 4.Nc3 O-O 5.e4 d6 6.Be2 e5 7.O-O Nc6 8.d5 Ne7
9.Nd2 a5 10.a3 Nd7 11.Rb1 f5 12.b4 Kh8 13.Qc2 Ng8 14.f3 Ngf6 15.Nb3 axb4
16.axb4 Nh5 17.exf5 gxf5 18.c5 Ndf6 19.Be3 Rg8 20.cxd6 cxd6 21.Qd2 f4 22.Bf2 Bh6
23.Rfe1 Bh3 24.Bf1 Qd7 25.Ra1 Rac8 26.Ba7 Rg6 27.Re2 Rcg8 28.Ra2 Bf5 29.Qd1 Bg5
30.Bf2 Rh6 31.Ra7 Ng7 32.Qe1 Qf7 33.h4 Qh5 34.Rxb7 Bc8 35.Rb8 Nf5 36.Rxe5 dxe5
37.Qxe5 Nxh4 38.Bxh4 Bxh4 39.Qxh5 Rxh5 40.Nd4 Nd7  0-1

[Event "Dortmund op-A"]
[Site "Dortmund"]
[Date "1992.??.??"]
[Round "1"]
[White "Groszpeter, Attila"]
[Black "Hoepfl, Thomas"]
[Result "1-0"]
[WhiteElo "2495"]
[BlackElo "2260"]

1.d4 Nf6 2.c4 g6 3.Nc3 Bg7 4.e4 d6 5.Nf3 O-O 6.Be2 e5 7.O-O Nc6 8.Be3 exd4
9.Nxd4 Nxd4 10.Bxd4 Re8 11.f3 c6 12.Qd2 Be6 13.Rfd1 Qa5 14.Kh1 Qh5 15.Qf4 g5
16.Qxd6 Rad8 17.Qg3 Qg6 18.Bxa7 g4 19.Rxd8 Rxd8 20.Rd1 Rxd1+ 21.Nxd1 Nd7
22.Be3 gxf3 23.gxf3 Qh5 24.Nc3 Ne5 25.Bd4 f6 26.f4 Bg4 27.fxe5 Bxe2 28.exf6 Qf3+
29.Qg2  1-0

[Event "Dortmund op-A"]
[Site "Dortmund"]
[Date "1992.??.??"]
[Round "1"]
[White "Gebhardt, Ulrich"]
[Black "Schmidt, Wlodzimierz"]
[Result "0-1"]
[WhiteElo "2245"]
[BlackElo "2465"]

1.d4 Nf6 2.c4 g6 3.Nc3 Bg7 4.e4 d6 5.Nf3 O-O 6.Be2 e5 7.O-O Nc6 8.d5 Ne7
9.Nd2 a5 10.a3 c5 11.Rb1 Ne8 12.b4 axb4 13.axb4 b6 14.bxc5 bxc5 15.Nb3 Kh8
16.f3 Ng8 17.Qc2 f5 18.Bd2 Nef6 19.Bd3 f4 20.Ra1 Rxa1 21.Rxa1 g5 22.Nb5 g4
23.Ra7 Ne8 24.Ra8 gxf3 25.gxf3 Qg5+ 26.Kf2 Bh3 27.Bf1 Qh4+ 28.Ke2 Bxf1+ 29.Kxf1 Qh3+
30.Kg1 Rf6  0-1

[Event "Dortmund op-A"]
[Site "Dortmund"]
[Date "1992.??.??"]
[Round "1"]
[White "Van Wely, Loek"]
[Black "Von Alvensleben, Wolfram"]
[Result "1-0"]
[WhiteElo "2560"]
[BlackElo "2295"]

1.d4 Nf6 2.c4 g6 3.Nc3 Bg7 4.e4 O-O 5.Nf3 d6 6.Be2 e5 7.O-O Nc6 8.d5 Ne7
9.b4 Nh5 10.g3 f5 11.Ng5 Nf6 12.f3 c6 13.Be3 Ne8 14.c5 cxd5 15.Nxd5 Nc6 16.Bc4 Kh8
17.h4 h6 18.Kg2 f4 19.gxf4 exf4 20.Nxf4 Ne5 21.Rh1 Nf6 22.Bb3 Nh5 23.Nxh5 gxh5
24.Qxd6 Qxd6 25.cxd6 hxg5 26.hxg5 Kh7 27.Raf1 Bd7 28.f4 Ng4 29.Bd2 Rae8 30.Rxh5+ Kg6
31.f5+  1-0

[Event "Dortmund op-A"]
[Site "Dortmund"]
[Date "1992.??.??"]
[Round "3"]
[White "Lputian, Smbat G"]
[Black "Schmidt, Wlodzimierz"]
[Result "1-0"]
[WhiteElo "2560"]
[BlackElo "2465"]

1.d4 Nf6 2.c4 g6 3.Nc3 Bg7 4.e4 d6 5.Nf3 O-O 6.Be2 e5 7.O-O Nc6 8.d5 Ne7
9.Nd2 a5 10.Rb1 c5 11.a3 Ne8 12.b4 axb4 13.axb4 b6 14.bxc5 bxc5 15.Nb3 Kh8
16.Bd2 f5 17.Ra1 Rxa1 18.Qxa1 Ng8 19.Qa5 Qe7 20.Ra1 Nef6 21.Qb6 Nxe4 22.Nxe4 fxe4
23.Ra7 Qf6 24.Be3 Nh6 25.Nd2 Nf5 26.Qc7 Re8 27.Nxe4 Qf8 28.Bg5  1-0

[Event "Dortmund op-A"]
[Site "Dortmund"]
[Date "1992.??.??"]
[Round "3"]
[White "Nickl, Klaus"]
[Black "Von Alvensleben, Wolfram"]
[Result "0-1"]
[WhiteElo "2220"]
[BlackElo "2295"]

1.d4 Nf6 2.c4 g6 3.Nc3 Bg7 4.e4 O-O 5.Nf3 d6 6.Be2 e5 7.O-O Nc6 8.d5 Ne7
9.Ne1 Nd7 10.f3 f5 11.Nd3 Nf6 12.c5 h5 13.Bd2 f4 14.cxd6 cxd6 15.Qb3 Ne8
16.Rac1 g5 17.Nf2 Rf7 18.Nb5 Bf8 19.Rc2 a6 20.Nc3 Rg7 21.h3 Kh8 22.a4 b6
23.Na2 Ng8 24.Nb4 Nh6 25.Nc6 Qf6 26.Qxb6 g4 27.fxg4 hxg4 28.Nxg4 Nxg4 29.Bxg4 Bxg4
30.hxg4 Qg6 31.Qb4 Nf6 32.Rc4 Nxg4 33.Rc3 Ne3 34.Rf2 Nxg2 35.Kf1 Nh4 36.Ke2 Qg1
37.Qb3 Qh1 38.Qc2 Rg2 39.Be1 f3+ 40.Kd1 Rg1 41.Re3 Ng2 42.Rexf3 Rxe1+ 43.Kd2 Bh6+
44.Kc3 Rc1 45.Kb3 Rxc2 46.Rxc2 Ne1  0-1

[Event "Dortmund op-A"]
[Site "Dortmund"]
[Date "1992.??.??"]
[Round "5"]
[White "Van Wely, Loek"]
[Black "Kaminski, Marcin"]
[Result "1-0"]
[WhiteElo "2560"]
[BlackElo "2360"]

1.d4 Nf6 2.c4 g6 3.Nc3 Bg7 4.e4 d6 5.Nf3 O-O 6.Be2 e5 7.O-O Nc6 8.d5 Ne7
9.b4 Nh5 10.g3 f5 11.Ng5 Nf6 12.f3 f4 13.Kg2 a5 14.bxa5 Rxa5 15.a4 Ne8 16.Nh3 Kh8
17.Ba3 g5 18.Nxg5 Nxd5 19.cxd5 Qxg5 20.g4 h5 21.h3 Kg8 22.Nb5 Qh4 23.Qe1 Qxe1
24.Rfxe1 Rxa4 25.Nxc7 Rxa3 26.Rxa3 Nxc7 27.Rc1 Na6 28.Bxa6 bxa6 29.Rc6 hxg4
30.hxg4 Bd7 31.Rcxa6 Rb8 32.Ra2 Bf8 33.Ra7 Bb5 34.Kh3 Re8 35.Rb2 Bf1+ 36.Kh2 Re7
37.Ra8 Kg7 38.Kg1 Bd3 39.Ra3 Bc4 40.Rb4 Be2 41.Kf2 Bd1 42.Rb1 Bc2 43.Rc1 Bxe4
44.fxe4 Rb7 45.Rc8 Be7 46.Kf3 Kf7 47.g5 Bxg5 48.Kg4 Be7 49.Kf5 Bf8 50.Rca8 Kg8
51.R3a7 Rb1 52.Kf6  1-0

[Event "Dortmund op-A"]
[Site "Dortmund"]
[Date "1992.??.??"]
[Round "6"]
[White "Bouton, Christophe"]
[Black "Lingnau, Carsten"]
[Result "0-1"]
[WhiteElo "2220"]
[BlackElo "2365"]

1.c4 g6 2.Nc3 Bg7 3.d4 Nf6 4.e4 d6 5.Be2 O-O 6.Nf3 e5 7.O-O Nc6 8.d5 Ne7
9.Nd2 a5 10.a3 Nd7 11.Rb1 f5 12.b4 Kh8 13.f3 Ng8 14.Qc2 Ngf6 15.Nb5 axb4
16.axb4 Nh5 17.g3 Ndf6 18.c5 Bd7 19.Rb3 Nxg3 20.hxg3 Nh5 21.Re1 Nxg3 22.Nf1 Qh4
23.Bc4 Qh1+ 24.Kf2 Nxf1 25.Rc3 fxe4 26.Rxf1 Rxf3+ 27.Ke1 Rxf1+  0-1

[Event "Dortmund op-A"]
[Site "Dortmund"]
[Date "1992.??.??"]
[Round "7"]
[White "Kishnev, Sergey"]
[Black "Mowsziszian, Karen"]
[Result "1-0"]
[WhiteElo "2540"]
[BlackElo "2440"]

1.d4 Nf6 2.c4 g6 3.Nc3 Bg7 4.e4 d6 5.Nf3 O-O 6.Be2 e5 7.O-O Nc6 8.d5 Ne7
9.Nd2 c5 10.Rb1 a5 11.a3 Ne8 12.b4 axb4 13.axb4 b6 14.bxc5 bxc5 15.Nb3 f5
16.Bg5 Bf6 17.Bd2 Kh8 18.Ra1 Rxa1 19.Qxa1 Ng8 20.Qa8 Nc7 21.Qa7 Na6 22.exf5 gxf5
23.Nb5 Bg7 24.Ba5 Qf6 25.Qb6 Qh6 26.Nxd6 Rf6 27.Qd8 Rxd6 28.Qxc8 f4 29.Bf3 Qg6
30.Nxc5 Nxc5 31.Qxc5 Ra6 32.Re1 h5 33.Qb5 Nh6 34.Be4 Qf6 35.Bd8 Qxd8 36.Qxa6 Ng4
37.d6 Bf8 38.Qa7 Nf6 39.c5  1-0

[Event "Dortmund op-A"]
[Site "Dortmund"]
[Date "1992.??.??"]
[Round "8"]
[White "Schmidt, Wlodzimierz"]
[Black "Doering, Thomas"]
[Result "1/2-1/2"]
[WhiteElo "2465"]
[BlackElo "2325"]

1.Nf3 Nf6 2.c4 g6 3.Nc3 Bg7 4.e4 d6 5.d4 O-O 6.Be2 e5 7.O-O Nc6 8.d5 Ne7
9.Nd2 a5 10.a3 Nd7 11.Rb1 f5 12.b4 Kh8 13.f3 Ng8 14.Qc2 Ngf6 15.Nb5 axb4
16.axb4 Nh5 17.g3 Ndf6 18.c5 fxe4 19.fxe4 Bh3 20.Re1 Qd7 21.cxd6 cxd6 22.Qc7 Ne8
23.Qxd7 Bxd7 24.Nc3 Bh6 25.Nc4 Bxc1 26.Rbxc1 Nhf6 27.Nb6 Ra3 28.Nxd7 Nxd7
29.Nb5 Rb3 30.Rb1 Rxb1 31.Rxb1 Ndf6 32.Rf1 Kg7 33.Bf3 g5 34.g4 Rf7 35.Kg2 Rd7
36.Rc1 Rd8 37.Nc7 Nxc7 38.Rxc7+ Rd7 39.Rc8 Kf7 40.Kg3 Ke7 41.h4 h6 42.Rh8 gxh4+
43.Kxh4 Rc7 44.Rxh6 Rc4 45.Kg5 Nxe4+ 46.Bxe4 Rxe4 47.Rh7+ Kd8 48.Rxb7 Rd4
49.b5 Rxd5 50.Kf6 Rd1 51.g5 Rf1+ 52.Ke6 Rg1 53.b6 Kc8 54.Rc7+ Kb8 55.Kf6 Rf1+
56.Kg7 e4 57.g6 e3 58.Re7 Rf3 59.Kh6 Rh3+ 60.Kg5 Rg3+  1/2-1/2

[Event "Dortmund op-A"]
[Site "Dortmund"]
[Date "1992.??.??"]
[Round "9"]
[White "Karayannis, Athanasios"]
[Black "Kummerow, Heiko"]
[Result "0-1"]
[WhiteElo "2310"]
[BlackElo "2240"]

1.d4 Nf6 2.Nf3 g6 3.c4 Bg7 4.Nc3 d6 5.e4 O-O 6.Be2 e5 7.O-O Nc6 8.d5 Ne7
9.b4 Nh5 10.g3 f5 11.Ng5 Nf6 12.f3 c6 13.Qb3 h6 14.Ne6 Bxe6 15.dxe6 Qc8 16.c5 d5
17.exd5 Nfxd5 18.Nxd5 cxd5 19.Ba3 Kh7 20.b5 Qxe6 21.Rac1 Rfd8 22.Rfd1 Rac8
23.c6 bxc6 24.Bxe7 Qxe7 25.bxc6 Qd6 26.Qa4 Rc7 27.Bd3 Rb8 28.Qa5 Rb6 29.Bb5 d4
30.Ba4 e4 31.fxe4 fxe4 32.Qe1 d3 33.Qxe4 Rb4 34.Rc4 Bd4+ 35.Qxd4 Qxd4+ 36.Rxd4 Rxd4
37.Bb5 d2 38.Kf2 Re7 39.Be2 Kg7 40.Bf3 Kf6 41.h3 Ke6 42.Ke3 Rf7 43.Bg2 a5
44.g4 g5 45.Rxd2 Rxd2 46.Kxd2 Rf2+ 47.Kc3 Kd6 48.Bd5 Kxd5  0-1

[Event "Dortmund op-A"]
[Site "Dortmund"]
[Date "1992.??.??"]
[Round "9"]
[White "Halasz, Tamas"]
[Black "Hoepfl, Thomas"]
[Result "1-0"]
[WhiteElo "2400"]
[BlackElo "2260"]

1.d4 Nf6 2.Nf3 g6 3.c4 Bg7 4.Nc3 O-O 5.e4 d6 6.Be2 e5 7.O-O Nc6 8.d5 Ne7
9.b4 Nh5 10.c5 Nf4 11.Bxf4 exf4 12.Rc1 h6 13.Nd2 a6 14.Nc4 g5 15.a4 Ng6 16.cxd6 cxd6
17.a5 Ne5 18.Nxe5 Bxe5 19.Na4 Bd7 20.Nb6 Rb8 21.Rc2 Be8 22.Qd2 Qf6 23.Bg4 Bb5
24.Rd1 Rfe8 25.Bd7 Re7 26.Bxb5 axb5 27.Qd3 g4 28.Qxb5 Qh4 29.Nc8 Rxc8 30.Rxc8+ Kh7
31.Qf1 g3 32.fxg3 fxg3 33.Qf5+ Kg7 34.h3 Bf4 35.Rc4 Be3+ 36.Kh1 Re5 37.Qf3  1-0

[Event "Dortmund op-A"]
[Site "Dortmund"]
[Date "1992.??.??"]
[Round "10"]
[White "Andersen, D."]
[Black "Nickl, Klaus"]
[Result "0-1"]
[WhiteElo "2300"]
[BlackElo "2220"]

1.c4 Nf6 2.Nc3 g6 3.e4 d6 4.d4 Bg7 5.Be2 O-O 6.Nf3 e5 7.O-O Nc6 8.d5 Ne7
9.Nd2 Ne8 10.b4 f5 11.c5 Kh8 12.a4 Ng8 13.Ba3 Ngf6 14.b5 Bh6 15.Bf3 Bxd2
16.Qxd2 f4 17.b6 axb6 18.cxb6 cxb6 19.Qb2 g5 20.Be2 g4 21.Bb5 Nc7 22.Qd2 Nfe8
23.Bxe8 Nxe8 24.Nb5 Rf6  0-1

[Event "Dortmund op-A"]
[Site "Dortmund"]
[Date "1992.??.??"]
[Round "10"]
[White "Dautov, Rustem"]
[Black "Lingnau, Carsten"]
[Result "1-0"]
[WhiteElo "2610"]
[BlackElo "2365"]

1.d4 Nf6 2.c4 g6 3.Nc3 Bg7 4.e4 d6 5.Be2 O-O 6.Nf3 e5 7.O-O Nc6 8.d5 Ne7
9.Nd2 a5 10.Rb1 Nd7 11.a3 f5 12.b4 Kh8 13.Qc2 Ng8 14.Bb2 Ndf6 15.Rbd1 Nh5
16.Bxh5 gxh5 17.f4 axb4 18.axb4 exf4 19.Rxf4 Ne7 20.Nb5 Ng6 21.Bxg7+ Kxg7
22.Rxf5 Bxf5 23.exf5 Nh4 24.Nd4 Kg8 25.Ne6 Qf6 26.Nxf8 Qd4+ 27.Kh1 Qf2 28.Qe4 Rxf8
29.Rf1 Qxd2 30.Qxh4 Qe2 31.Qf4 Qg4 32.Qh6 Qxc4 33.Rf3 h4 34.f6 Qg4 35.h3 Qg6
36.Qxh4 Kh8 37.Qd4 Rf7 38.Qe3 h6 39.Qe6 Kh7 40.Kh2 Kg8 41.Rg3  1-0

[Event "Dresden op"]
[Site "Dresden"]
[Date "1992.??.??"]
[Round "?"]
[White "Chuchelov, Vladimir"]
[Black "Mowsziszian, Karen"]
[Result "1/2-1/2"]
[WhiteElo "2490"]
[BlackElo "2435"]

1.d4 Nf6 2.Nf3 g6 3.c4 Bg7 4.Nc3 O-O 5.e4 d6 6.Be2 e5 7.O-O Nc6 8.d5 Ne7
9.Nd2 c5 10.Rb1 a5 11.a3 Ne8 12.b4 axb4 13.axb4 b6 14.bxc5 bxc5 15.Nf3 Kh8
16.Qb3 Ra6 17.Bd2 f5 18.Ra1 Rb6 19.Qc2 Ng8 20.Ra8 Nc7 21.Ra7 Bh6 22.Rb1 Ra6
23.Bxh6 Nxh6 24.Rxa6 Nxa6 25.Qd2 f4 26.h3 Ng8 27.Ra1 g5 28.Nh2 Nf6 29.Ng4 Ng8
30.Qd1 Qe8 31.Nb5 Qe7 32.Bf3 Rd8 33.Qe2 Kg7 34.Ra3 Kg6 35.Qb2 Re8 36.Qa1 Nb4
37.Ra7 Qf8 38.Qa5 h5 39.Nh2 Nf6 40.Qc7 Rd8 41.Ra8 Na6 42.Qa5 Nb4 43.Qc7 Na6
44.Qb6 Nd7 45.Qxd6+ Qxd6 46.Nxd6 Nb6 47.Nb7 Nxa8 48.Nxd8 Nb8 49.Be2 Nb6 50.Nf3 Kf6
51.Nd2 g4 52.hxg4 hxg4 53.Nb3 Ke7 54.Ne6 Bxe6 55.dxe6 f3 56.gxf3 gxf3 57.Bf1 Na4
58.Nd2 Kxe6 59.Nxf3 Nc6 60.Bh3+ Kd6 61.Ng5 Nb6  1/2-1/2

[Event "Dresden op"]
[Site "Dresden"]
[Date "1992.??.??"]
[Round "?"]
[White "Chuchelov, Vladimir"]
[Black "Wegener, Dirk"]
[Result "1-0"]
[WhiteElo "2490"]
[BlackElo "2310"]

1.d4 Nf6 2.Nf3 g6 3.c4 Bg7 4.Nc3 O-O 5.e4 d6 6.Be2 e5 7.O-O Nc6 8.d5 Ne7
9.Nd2 a5 10.a3 Nd7 11.Rb1 f5 12.b4 Kh8 13.Qc2 Ng8 14.f3 Ndf6 15.c5 axb4 16.axb4 Nh5
17.Nc4 Nf4 18.Be3 Nf6 19.Kh1 g5 20.cxd6 cxd6 21.Bb6 Qe7 22.Nb5 fxe4 23.fxe4 Nxe4
24.Bf3 Nf6 25.Nbxd6 g4 26.Be4 N4xd5 27.Bc5 Be6 28.Nxe5 Qc7 29.Bf5 Bxf5 30.Qxf5 b6
31.Nb5 Qb7 32.Bxf8 Rxf8 33.Nxg4 Nxg4 34.Qxg4 Rg8 35.Nd6 Ne3 36.Qe2 Qxg2+
37.Qxg2  1-0

[Event "Dresden op"]
[Site "Dresden"]
[Date "1992.??.??"]
[Round "?"]
[White "Uhlmann, Wolfgang"]
[Black "Heinatz, Thomas"]
[Result "1-0"]
[WhiteElo "2480"]
[BlackElo "2355"]

1.c4 Nf6 2.Nc3 g6 3.e4 d6 4.d4 Bg7 5.Be2 O-O 6.Nf3 e5 7.O-O Nc6 8.d5 Ne7
9.Nd2 a5 10.a3 Nd7 11.Rb1 f5 12.b4 Kh8 13.Qc2 Ng8 14.f3 Ngf6 15.Bd3 axb4
16.axb4 f4 17.Nb5 Ne8 18.c5 Ndf6 19.Bb2 g5 20.Ra1 Rb8 21.Na7 g4 22.Nxc8 Rxc8
23.Be2 gxf3 24.Bxf3 Rg8 25.Rfc1 Rb8 26.Nc4 Bh6 27.Qe2 Qe7 28.Ra7 Nd7 29.Na5 Nef6
30.c6  1-0

[Event "Wch U18"]
[Site "Duisburg"]
[Date "1992.??.??"]
[Round "4"]
[White "Gabriel, Christian"]
[Black "Georgiev, Vladimir"]
[Result "1/2-1/2"]
[WhiteElo "2490"]
[BlackElo "2345"]

1.d4 Nf6 2.c4 g6 3.Nc3 Bg7 4.e4 d6 5.Nf3 O-O 6.Be2 e5 7.O-O Nc6 8.d5 Ne7
9.b4 a5 10.bxa5 Rxa5 11.a4 Nh5 12.g3 h6 13.Ba3 f5 14.Nd2 Nf6 15.c5 fxe4 16.Ndxe4 Nf5
17.Bd3 Nxe4 18.Nxe4 Rf7 19.Bb4 Ra8 20.cxd6 cxd6 21.a5 Bf8 22.Nd2 Qg5 23.Ne4 Qd8
24.Nd2 b6 25.axb6 Rxa1 26.Qxa1 Qxb6 27.Ba5 Qa7 28.Bb4 Qb6  1/2-1/2

[Event "Wch U18"]
[Site "Duisburg"]
[Date "1992.??.??"]
[Round "8"]
[White "Zoler, Dan"]
[Black "Maiwald, Jens Uwe"]
[Result "1-0"]
[WhiteElo "2370"]
[BlackElo "2375"]

1.d4 Nf6 2.c4 g6 3.Nc3 Bg7 4.e4 d6 5.Nf3 O-O 6.Be2 e5 7.O-O Nc6 8.Be3 Ng4
9.Bg5 f6 10.Bc1 h5 11.h3 Nh6 12.dxe5 dxe5 13.Qd5+ Kh7 14.Be3 Qe8 15.Rad1 a6
16.Qd2 Nd8 17.Nd5 Ne6 18.c5 Rf7 19.b4 Ng8 20.Bc4 Bh6 21.a3 Qf8 22.Qa2 Rg7
23.Rd2 Bd7 24.Bxh6 Kxh6 25.Nc3 Nf4 26.Rfd1 Bc6 27.h4 Qc8 28.g3 Kh7 29.Rd8 Qh3
30.Bf1 Rxd8 31.Bxh3 Rxd1+ 32.Nxd1 Nxh3+ 33.Kh2 Bxe4 34.Nxe5 fxe5 35.Kxh3 Rd7
36.Ne3 Kg7 37.Qb2 Rd4 38.f4 Ne7 39.fxe5 Nc6 40.e6 Bd3 41.Qf2  1-0

[Event "Wch U18"]
[Site "Duisburg"]
[Date "1992.??.??"]
[Round "9"]
[White "Georgiev, Vladimir"]
[Black "Kotsur, Pavel"]
[Result "1/2-1/2"]
[WhiteElo "2345"]
[BlackElo "2425"]

1.c4 Nf6 2.Nc3 g6 3.e4 d6 4.d4 Bg7 5.Nf3 O-O 6.Be2 e5 7.O-O Nc6 8.d5 Ne7
9.Ne1 Nd7 10.Be3 f5 11.f3 f4 12.Bf2 g5 13.a4 a6 14.Nd3 Rf6 15.c5 Rh6 16.Qb3 Kh8
17.Rfc1 Qe8 18.cxd6 cxd6 19.h3 Nf6 20.Kf1 Rg6 21.a5 h5 22.Na4 g4 23.hxg4 hxg4
24.Nb6 Rb8 25.Nxc8 Nxc8 26.Rc7 Rh6 27.Bg1 g3 28.Qa4 Qg8 29.Ke1 Qd8 30.Bb6 Nxb6
31.axb6 Ne8 32.Qd7 Rh1+ 33.Bf1 Qxd7 34.Rxd7 Bf6 35.Ra4 Bd8 36.Rb4 Rh7 37.Rxh7+ Kxh7
38.b3 Kg7 39.Nb2 Kf7 40.Nc4 Ke7 41.Na5 Nf6 42.Bxa6 Ra8 43.Ra4 Rxa6 44.Nc6+ bxc6
45.Rxa6 cxd5 46.b7 Bc7 47.Ra8 dxe4 48.fxe4 Nd7 49.Rc8 Bb8 50.Ke2 d5 51.exd5 Kd6
52.b4 Kxd5 53.b5 e4 54.Rd8 Kd6 55.Re8 Kc7 56.Rxe4 Kxb7  1/2-1/2

[Event "Wch U18"]
[Site "Duisburg"]
[Date "1992.??.??"]
[Round "9"]
[White "Danielian, Oganes"]
[Black "Istratescu, Andrei"]
[Result "1-0"]
[WhiteElo "2310"]
[BlackElo "2450"]

1.d4 d6 2.Nf3 g6 3.c4 Bg7 4.Nc3 Nf6 5.e4 O-O 6.Be2 e5 7.O-O Nc6 8.d5 Ne7
9.Nd2 a5 10.Rb1 Nd7 11.a3 f5 12.b4 Kh8 13.Qc2 Ng8 14.Bb2 Ndf6 15.Rbd1 Nh5
16.Bxh5 gxh5 17.f4 axb4 18.axb4 Nh6 19.h3 Bd7 20.fxe5 dxe5 21.c5 Ra6 22.b5 Rg6
23.c6 bxc6 24.dxc6 Be6 25.Nf3 Qe8 26.Nd5 fxe4 27.Nxc7 Qc8 28.Nxe5 Rxf1+ 29.Rxf1 Qxc7
30.Nxg6+ hxg6 31.Bxg7+ Kxg7 32.Qxe4 Bf5 33.Qd4+ Kh7 34.Ra1  1-0

[Event "Wch U16"]
[Site "Duisburg"]
[Date "1992.??.??"]
[Round "9"]
[White "Bauer, Christian"]
[Black "Schwartzman, Gabriel"]
[Result "0-1"]
[WhiteElo "2325"]
[BlackElo "2340"]

1.c4 Nf6 2.Nc3 g6 3.e4 d6 4.d4 Bg7 5.Nf3 O-O 6.Be2 e5 7.O-O Nc6 8.d5 Ne7
9.b4 a5 10.bxa5 Rxa5 11.Nd2 Nd7 12.Nb3 Ra8 13.Be3 f5 14.f3 f4 15.Bf2 b6 16.g4 fxg3
17.hxg3 g5 18.Kg2 Ng6 19.Rh1 Nf6 20.Be3 h6 21.a4 Qd7 22.a5 bxa5 23.Rxa5 Rxa5
24.Nxa5 g4 25.fxg4 Nxg4 26.Bxg4 Qxg4 27.Qxg4 Bxg4 28.Rb1 Rf3 29.Nd1 h5 30.Nc6 h4
31.Bf2 h3+ 32.Kg1 Bh6 33.Nb4 Rf7 34.Be3 Bxd1 35.Bxh6 Bf3 36.Rf1 Bxe4 37.Rxf7 Kxf7
38.Kh2 Bg2 39.Nc2 e4 40.Bf4 Kf6 41.Ne3 Ne5 42.g4 Nd3 43.Bh6 Kg6 44.Bf8 Kg5
45.Kg3 Kf6 46.Bh6 Kg6 47.Bf8 Kf7 48.Bh6 Kf6 49.Kh2 Ne5 50.Bf4 Nf3+ 51.Kg3 Nd2
52.Kf2 Bf3 53.Ke1 Nb3 54.Kf2 Nc1 55.Bg3 Nd3+ 56.Kg1 Kg5 57.Kh2 Bxg4 58.Nc2 Bd7
59.Nd4 e3  0-1

[Event "Wch U18"]
[Site "Duisburg"]
[Date "1992.??.??"]
[Round "9"]
[White "Barkhagen, Jonas"]
[Black "Agamaliev, Djamil"]
[Result "1/2-1/2"]
[WhiteElo "2405"]
[BlackElo "2350"]

1.d4 Nf6 2.c4 g6 3.Nc3 Bg7 4.e4 d6 5.Be2 O-O 6.Nf3 e5 7.O-O Nc6 8.d5 Ne7
9.Ne1 Nd7 10.Nd3 f5 11.Bd2 Nf6 12.f3 Kh8 13.b4 Neg8 14.c5 Bh6 15.Bxh6 Nxh6
16.Qd2 Nf7 17.exf5 gxf5 18.f4 Qe7 19.Qe3 Bd7 20.Rae1 a6 21.a4 Rae8 22.Bd1 Rg8
23.h3 Qf8 24.Rf2 Rg6 25.fxe5 dxe5 26.c6 bxc6 27.Bb3 Qg7 28.Qd2 cxd5 29.Nxd5 Nxd5
30.Bxd5 Ng5 31.Kh1 Rd6 32.Qa2 c6 33.Bc4 Ne4 34.Rf3 Be6 35.Bxe6 Rdxe6 36.Nc5 Nxc5
37.bxc5 Rf6 38.Qb2 Rff8 39.Rb3 Rf7 40.Rb8 Re7 41.Qb7 Qg3 42.Rxe8+ Rxe8 43.Rd1 Qg6
44.Rd6 Qg5 45.Qxc6 Qc1+ 46.Kh2 Qf4+ 47.Kh1 Qc1+ 48.Kh2 Qf4+  1/2-1/2

[Event "Wch U18"]
[Site "Duisburg"]
[Date "1992.??.??"]
[Round "10"]
[White "Zoler, Dan"]
[Black "Anapolsky, Sergey"]
[Result "0-1"]
[WhiteElo "2370"]
[BlackElo "2375"]

1.d4 Nf6 2.c4 g6 3.Nc3 Bg7 4.e4 d6 5.Nf3 O-O 6.Be2 e5 7.O-O Nc6 8.Be3 Ng4
9.Bg5 f6 10.Bc1 Kh8 11.d5 Ne7 12.Bd2 f5 13.Ng5 Nf6 14.exf5 Nxf5 15.f4 Qe7
16.fxe5 Qxe5 17.Bf4 Qd4+ 18.Kh1 h6 19.Ne6 Bxe6 20.dxe6 Ne4 21.e7 Rfe8 22.Nxe4 Qxe4
23.Bd3 Qxe7 24.Qd2 Rf8 25.g4 Nh4 26.Bxh6 Nf3 27.Bxg7+ Kxg7 28.Qc3+ Ne5 29.Be4 Qh4
30.Bxb7 Rh8 31.Qd2 Raf8 32.Bd5 Nxg4 33.Rae1 Nf2+ 34.Rxf2 Rxf2 35.Qc3+ Kf8
36.h3 Qxh3+ 37.Qxh3 Rxh3+ 38.Kg1 Rxb2 39.Rf1+ Kg7 40.a4 Ra3 41.Bc6 Rc2 42.Bb5 a6
43.Bxa6 Rxa4 44.Bb5 Raxc4  0-1

[Event "Wch U18"]
[Site "Duisburg"]
[Date "1992.??.??"]
[Round "11"]
[White "Barkhagen, Jonas"]
[Black "Zoler, Dan"]
[Result "1-0"]
[WhiteElo "2405"]
[BlackElo "2370"]

1.d4 Nf6 2.c4 g6 3.Nc3 Bg7 4.e4 O-O 5.Nf3 d6 6.Be2 e5 7.O-O Nc6 8.d5 Ne7
9.Ne1 Nd7 10.Nd3 f5 11.Bd2 Nf6 12.f3 f4 13.c5 g5 14.cxd6 cxd6 15.Nf2 h5 16.h3 Ng6
17.Qc2 Rf7 18.Rfc1 a6 19.a4 b6 20.Na2 Nh4 21.a5 b5 22.Qc6 Bb7 23.Qb6 Qe7
24.Rc3 Bc8 25.Nb4 g4 26.Nc6 Qf8 27.Qd8 Ne8 28.Qxh4 Bf6 29.Qxh5 Rh7 30.Qxh7+ Kxh7
31.fxg4 Bh4 32.Nh1 Nf6 33.g3 fxg3 34.Rf1 Qg7 35.Rcf3 Bd7 36.Kg2 Be8 37.Nxg3 Bxg3
38.Rxf6 Bf4 39.R1xf4 exf4 40.Bc3 Qg5 41.Bd3 Bg6 42.Ne7 Qh4 43.Rf7+ Bxf7 44.e5+ Kg7
45.Nf5+ Kg8 46.Nxh4 Bxd5+ 47.Kf2 b4 48.Bd4 dxe5 49.Bxe5 Rc8 50.Nf5  1-0

[Event "FRA-chT"]
[Site "?"]
[Date "1992.??.??"]
[Round "?"]
[White "Dorfman, Josif D"]
[Black "Neidhardt, Claus Ulrich"]
[Result "1/2-1/2"]
[WhiteElo "2605"]
[BlackElo "2335"]

1.d4 Nf6 2.c4 g6 3.Nc3 Bg7 4.e4 d6 5.Nf3 O-O 6.Be2 e5 7.O-O Nc6 8.d5 Ne7
9.Ne1 Nd7 10.f3 f5 11.g4 Kh8 12.Ng2 a5 13.Be3 Ng8 14.h4 Ngf6 15.exf5 gxf5
16.g5 Nh5 17.f4 Ng3 18.Rf3 Ne4 19.Nxe4 fxe4 20.Rf2 exf4 21.Nxf4 Ne5 22.Nh5 Rxf2
23.Bxf2 Bf5 24.Nxg7 Kxg7 25.Bg3 Nd3 26.Qd2 Qd7 27.Rf1 b6 28.Qe3 Kg8 29.Qd4 Rf8
30.b3 Qg7 31.Qxg7+ Kxg7 32.Be1 Nxe1 33.Rxe1 h6 34.gxh6+ Kxh6 35.Kf2 Bg4+
36.Ke3 Bf3 37.Rf1 Re8 38.Rg1 Rf8 39.Bxf3 exf3 40.Kf2 Rf4 41.Rg8 Rxh4 42.Kxf3 Rh5
43.Ke4 Re5+ 44.Kd4 Kh7 45.Rc8 Re7 46.Kc3 Kg6 47.b4 Kf5 48.bxa5 bxa5 49.Ra8 Re3+
50.Kd4 Re4+ 51.Kd3 Rh4 52.Rxa5 Ke5 53.Ra7 Rh3+ 54.Kc2 Kd4 55.Rxc7 Rc3+  1/2-1/2

[Event "FRA-chT"]
[Site "?"]
[Date "1992.??.??"]
[Round "?"]
[White "Herb, Pascal"]
[Black "Guidez, Yann Michel"]
[Result "1-0"]
[WhiteElo "2390"]
[BlackElo "2345"]

1.d4 Nf6 2.c4 g6 3.Nc3 Bg7 4.e4 d6 5.Nf3 O-O 6.Be2 e5 7.O-O Nc6 8.d5 Ne7
9.Re1 c6 10.Bf1 Nh5 11.c5 Bg4 12.cxd6 Qxd6 13.Bg5 Nf4 14.h3 Bxf3 15.Qxf3 h6
16.Bxe7 Qxe7 17.g3 Nh5 18.Rad1 Qb4 19.Rd2 Rad8 20.Qd1 Qc5 21.Re3 Bf6 22.h4 Ng7
23.Bh3 Be7 24.a3 a5 25.Na4 Qd6 26.Red3 cxd5 27.Rxd5 Qf6 28.Bd7 Ne6 29.Bxe6 fxe6
30.Rxd8 Bxd8 31.Nc5 Qe7 32.Nxe6 Qxe6 33.Rxd8 Qf7 34.Rxf8+ Kxf8 35.Qd6+ Kg8
36.Qxe5 Qb3 37.Qf6 Kh7 38.e5 g5 39.hxg5 hxg5 40.e6  1-0

[Event "FRA-chT"]
[Site "?"]
[Date "1992.??.??"]
[Round "?"]
[White "Stromer, Alexander"]
[Black "Berthelot, Yannick"]
[Result "1/2-1/2"]
[WhiteElo "2255"]
[BlackElo "2350"]

1.d4 Nf6 2.Nf3 g6 3.c4 Bg7 4.Nc3 O-O 5.e4 d6 6.Be2 e5 7.O-O Nc6 8.Be3 Ng4
9.Bg5 f6 10.Bc1 Nxd4 11.Nxd4 exd4 12.Qxd4 Be6 13.Bxg4 f5 14.Qd3 fxg4 15.Be3 c5
16.Rad1 Be5 17.b3 Rf7 18.Bxc5 Rf3 19.Be3 Qh4 20.g3 Bxg3 21.fxg3 Rxg3+ 22.hxg3 Qxg3+  1/2-1/2

[Event "FRA-chT"]
[Site "?"]
[Date "1992.??.??"]
[Round "?"]
[White "Stromer, Alexander"]
[Black "Degraeve, Jean Marc"]
[Result "0-1"]
[WhiteElo "2255"]
[BlackElo "2470"]

1.d4 Nf6 2.Nf3 g6 3.c4 Bg7 4.Nc3 O-O 5.e4 d6 6.Be2 e5 7.O-O Nc6 8.Be3 Ng4
9.Bg5 f6 10.Bc1 Kh8 11.d5 Ne7 12.Ng5 Nh6 13.Ne6 Bxe6 14.dxe6 Nc6 15.f4 exf4
16.Bxf4 Re8 17.c5 dxc5 18.Nb5 Qe7 19.Qd7 Rad8 20.Qxe7 Rxe7 21.Nxc7 g5 22.Bg3 Rc8
23.Bb5 Rcxc7 24.Bxc7 Rxc7 25.Bxc6 Rxc6 26.e7 Re6 27.e5 f5 28.Rad1 Kg8 29.Rd7 Bxe5
30.Rxb7 Kf7 31.e8=Q+ Kxe8 32.Rxh7 Ng4 33.h3 Bd4+ 34.Kh1 Nf2+ 35.Kh2 g4 36.hxg4 fxg4
37.Kg3 Ne4+ 38.Kh4 Bf2+ 39.Kxg4 Bd4 40.Rxa7  0-1

[Event "Fuerteventura op"]
[Site "Fuerteventura"]
[Date "1992.??.??"]
[Round "?"]
[White "Barredo Duran, Luis"]
[Black "Pupo, Emilio"]
[Result "1/2-1/2"]
[WhiteElo "2235"]
[BlackElo "2395"]

1.d4 Nf6 2.Nf3 g6 3.c4 Bg7 4.Nc3 O-O 5.e4 d6 6.Be2 e5 7.O-O Nc6 8.d5 Ne7
9.Ne1 Nd7 10.f3 f5 11.g4 Kh8 12.Be3 Ng8 13.Ng2 Bh6 14.Bf2 a5 15.h4 Nc5 16.exf5 gxf5
17.g5 Bg7 18.f4 Qe7 19.Qd2 Bd7 20.Rae1 h6 21.Bf3 e4 22.Be2 Be8 23.Bd4 Bxd4+
24.Qxd4+ Qg7 25.Qxg7+ Kxg7 26.b3 Ne7 27.Kf2 Bf7 28.Nb5 Rac8 29.Ne3 Be8 30.Nd4 hxg5
31.hxg5 Bd7  1/2-1/2

[Event "Gausdal Int"]
[Site "Gausdal"]
[Date "1992.??.??"]
[Round "1"]
[White "Chachere, Lawrence"]
[Black "Djurhuus, Rune"]
[Result "1/2-1/2"]
[WhiteElo "2240"]
[BlackElo "2405"]

1.d4 Nf6 2.c4 g6 3.Nc3 Bg7 4.e4 d6 5.Nf3 O-O 6.Be2 e5 7.O-O Nc6 8.d5 Ne7
9.Ne1 Nd7 10.f3 f5 11.g4 Kh8 12.h4 Nf6 13.Ng2 c6 14.Be3 Qd7 15.exf5 gxf5
16.g5 Nh5 17.f4 Nxf4 18.Bxf4 exf4 19.Nxf4 Qd8 20.Qd2 Ng6 21.Nxg6+ hxg6 22.Bf3 Be5
23.Kg2 c5 24.Ne2 f4 25.Nc3 Bf5 26.Rh1 Kg7 27.Ne4 Qd7 28.Rae1 Rae8 29.Nf2 Bd4
30.Rxe8 Rxe8 31.Qxf4 Rf8 32.Ng4 Bxg4 33.Qxg4 Qxg4+ 34.Bxg4 Rf2+ 35.Kh3 Be5
36.b3 Rxa2 37.Bd1 Rd2 38.Kg4 Rd3 39.h5 Rd4+ 40.Kh3 gxh5 41.Bxh5 Rd3+ 42.Kg4 Rg3+
43.Kh4 Rxb3 44.Rf1 Rb4 45.Rf7+ Kg8 46.Rc7 b5 47.Bf7+ Kf8 48.Be6 bxc4 49.Rc8+ Ke7
50.Rc7+ Kd8  1/2-1/2